Can You Translate 20 Spanish Sentences? (Easy → IMPOSSIBLE) - Statistics

General Stats
  • This quiz has been taken 9 times
  • The average score is 13 of 20
Answer Stats
Spanish sentence English translation % Correct
Adiós Goodbye
100%
Buenos días Good morning
100%
Buenas noches Good night
100%
Hola Hello
100%
Gracias Thank you
100%
La casa es grande The house is big
100%
¿Dónde está el baño? Where is the bathroom?
100%
¿Cómo estás? How are you?
89%
Estoy bien I am well / I am good
78%
Tengo un perro I have a dog
78%
Me llamo Juan My name is Juan
78%
Estoy aprendiendo español I am learning Spanish
67%
Me gusta comer pizza I like to eat pizza
67%
Hace mucho calor hoy It is very hot today
44%
Vamos al parque mañana We are going to the park tomorrow
33%
Si tuviera tiempo, viajaría más If I had time, I would travel more
22%
Cuando llegues, llámame When you arrive, call me
22%
Aunque estaba cansado, terminé la tarea Although I was tired, I finished the homework
11%
Ojalá que todo salga bien Hopefully everything goes well
11%
Si hubiera sabido la verdad, habría actuado diferente If I had known the truth, I would have acted differently
11%
No matching quizzes found
Score Distribution
Percent of People with Each Score
Percentile by Number Answered
Your Score History
You have not taken this quiz